00330nam a22001337a 4500003000400000008004100004020001800045082001600063100002000079245005600099250000800155260002500163300000800188OSt220615b ||||| |||| 00| 0 eng d a9781259006494 a005.757 BAO aBALAGURUSAMY, E aObjective Oriented Programming using C + + and Java a9th aNew DelhibTMHc2020 a478